Les 20 candidates femmes les plus emblématiques de Koh-Lanta - Statistiques

Statistiques générales
  • Ce quiz a été pris 190 fois
  • Le résultat moyen est 14 sur 20
Statistiques - réponses
Par images Réponse % Correct
Clémence
98%
Clémentine
92%
Candice
82%
Jade
82%
Jessica
80%
Coumba
78%
Lola
76%
Sara
75%
Alix
73%
Cindy
73%
Karima
73%
Tania
73%
Julie
72%
Maud
69%
Pauline
64%
Cassandre
63%
Christelle
61%
Chantal
53%
Christina
49%
Béatrice
39%
Aucun quiz correspondant
Distribution des résultats
% des personnes avec chaque résultat
Percentile par nombre de réponses
Votre historique - résultats
Vous n’avez pas pris ce quiz